Euroopan toiseksi suurimmat kaupungit - Statistics

Yleistilastot
  • Tätä visaa on pelattu 277 kertaa
    237 viimeisimmän päivityksen jälkeen
  • Keskiarvotulos 18 / 44
Vastaustilastot
Maa 2. kaupunki % Oikein
Finlande Espoo
94%
Espanja Barcelona
89%
Italia Milano
86%
Venäjä Pietari
86%
Ruotsi Göteborg
85%
Alankomaat Rotterdam
79%
Ranska Marseille
78%
Saksa Hampuri
77%
Norja Bergen
72%
Ukraina Kharkiv
69%
Iso-Britannia Birmingham
67%
Portugali Porto
64%
Viro Tartto
64%
Puola Krakova
58%
Tanska Aarhus
57%
Sveitsi Genève
52%
Monaco Monaco | Monte Carlo
48%
Liettua Kaunas
47%
Belgia Antwerpen
46%
Kreikka Thessaloniki
46%
Kroatia Split
45%
Tšekki Brno
42%
Itävalta Graz
40%
Irlanti Cork
39%
Slovakia Košice
30%
Latvia Daugavpils
25%
Unkari Debrecen
23%
Liechtenstein Vaduz
23%
Albania Durrës
22%
Serbia Novi Sad
22%
Bulgaria Plovdiv
22%
Romania Cluj-Napoca
19%
Bosnie ja Herzegovina Banja Luka
18%
Slovenia Maribor
18%
Moldova Tiraspol
18%
Malta Mosta
14%
Valkovenäjä Gomel
13%
Islanti Kópavogur
10%
Makedonia Bitola
6%
Montenegro Nikšić
6%
Kosovo Prizren
5%
Luxemburg Esch-sur-Alzette
3%
San Marino Borgo Maggiore
0%
Andorra Escaldes-Engordany
0%
Ehtoja vastaavia visoja ei löytynyt
Tulosjakauma
Jokaisen tuloksen saaneiden osuus
Persentiili vastausten määrän mukaan
Tuloshistoriasi
Et ole pelannut tätä visaa sen viimeisimmän päivityksen jälkeen